Boh na lyžiach

Enregistré dans:
Détails bibliographiques
Format: Livre
Langue:slovaque
Publié: Bratislava Šport 1984
Tags: Ajouter un tag
Pas de tags, Soyez le premier à ajouter un tag!

MARC

LEADER 00000nam a2200000 4500
001 c111613
005 20260122164839.9
041 0 |a slo 
044 |a SK 
245 1 0 |a Boh na lyžiach  |c Fedor Martiš 
264 1 |a Bratislava  |b Šport  |c 1984 
300 |a 101 s.